Les noms d'oiseaux par lettres -N - Statistiques

Statistiques générales
  • Ce quiz a été pris 51 fois
  • Le résultat moyen est 4 sur 19
Statistiques - réponses
Par images Réponse % Correct
Nandou
97%
Nicobar
54%
Noddi
49%
Néstor
46%
Naucler
41%
Nette
41%
Ninoxe
21%
Nyctale
21%
Niverolle
18%
Nésille
3%
Namiorne
0%
Néocossyphe
0%
Néositte
0%
Nésospize
0%
Nicator
0%
Nigrette
0%
Noircap
0%
Notodèle
0%
Nymphée
0%
Aucun quiz correspondant
Distribution des résultats
% des personnes avec chaque résultat
Percentile par nombre de réponses
Votre historique - résultats
Vous n’avez pas pris ce quiz